| 000 | 01032nam a2200229Ia 4500 | ||
|---|---|---|---|
| 001 | L250-16381 | ||
| 003 | IT-CnALBA | ||
| 008 | 170116s9999||||xx |||||||||||||| ||und|| | ||
| 040 |
_aIT-CnALBA _cIT-CnALBA |
||
| 041 | _aLATINO | ||
| 100 | _aMICHELETTI M. ANDREAS, SAC. | ||
| 245 | 0 | _aDE RECTORE SEMINARIORUM CLERICALIUM. MANUALE CANONICUM, PAEDAGOGICUM. | |
| 250 | _a1a ed. | ||
| 260 |
_a PARIS RO RA. _bHERDER- PUNTET COEDITORI _c1910 [1° Ed.:1910 - Ed.Ling.Originale: 1910] |
||
| 300 | _a534 p. | ||
| 500 | _aIL RETTORE ECCLESIASTICO DEI SEMINARI: PERSONA, UFFICIO, SANTITÀ, CARITÀ E PRUDENZA. GIUSTIZIA E SCIENZA. RETTORE E SEMINARIO. PERSONE E ALUNNI. | ||
| 501 | _aSocietà San Paolo EM - Piazza San Paolo, 14 - 12051 ALBA (CN) (non commercial uses only) ® Copyright 2017 | ||
| 520 | _aIL RETTORE ECCLESIASTICO DEI SEMINARI: PERSONA, UFFICIO, SANTITÀ, CARITÀ E PRUDENZA. GIUSTIZIA E SCIENZA. RETTORE E SEMINARIO. PERSONE E ALUNNI. | ||
| 650 | _aTEOLOGIA PASTORALE | ||
| 942 | _cBK | ||
| 957 | _71 | ||
| 999 |
_a21129 _bSI _g Copie: 1 _c275543 _d275543 |
||